000 00228nam a2200097Ia 4500
001 1221202
005 20250827092824.0
008 250824s9999 xx 000 0 und d
245 0 _aOYUN
_cSTEPHEN KING
260 _bALTIN KİTAPLAR
999 _c1221202
_d1221202